000 00857nam a22002297a 4500
999 _c19422
_d19422
003 AR-CdUCM
008 190517b ||||| |||| 00| 0 spa d
020 _a978-9972-33-377-4
040 _aMUNICIPALIDAD PROVINCIAL DEL CUSCO
_cBIBLIOTECA MUNICIPAL DEL CUSCO
082 _a869.56 /
_bM29
100 _aMaurial, Antonio
_917927
245 _aLa lección de mañana :
_bcrónicas didácticas /
260 _aLima :
_bCircuito gráfico,
_c2007.
300 _a205 páginas ;
_c22 cm.
505 _aContenido: El efecto Harvard -- Ocurrió en Esan -- En el aula de la vida -- Acerca de la gestión -- Aspectos formativos -- Temas didácticos...
650 _aEnsayos peruanos
_9233
650 _aConducta de vida en la literatura
_940749
650 _aConducta de vida
_936609
650 _aSiglo XX.
_98
942 _2ddc
_cLIBROS
945 _aacv
_d2019-05-17